000 00519nam a2200181 i 4500
001 bg
100 1 _aFODEMSKA, Urszula.
245 0 _aLinqua land :
_bbuilding and architecture /
_cUrszula Fodemska, Ewa Wiśniewska, Anna Wojtaś.
260 _aWarszawa :
_bWydawn. Polit. Warsz.,
_c1983.
300 _as. 134 :
_brys.
700 1 _aWIŚNIEWSKA, Ewa.
700 1 _aWOJTAŚ, Anna.
040 _cBPK
041 _apol
080 _a802.0:69+624+72(075.8)
942 _cKS
008 s pl f |000 0 pol
999 _c22163
_d22163
856 _uhttp://koha.tu.koszalin.pl/cgi-bin/koha/opac-detail.pl?biblionumber=22163
_yKatalog online BPK